| 000 | 00911cam a22002891 4500 | ||
|---|---|---|---|
| 001 | 15280 | ||
| 003 | BD-RjUL | ||
| 005 | 20211208235802.0 | ||
| 008 | 140209s1949 nyua b 001 0 eng | ||
| 035 | _a(BD-RjUL)15334 | ||
| 035 | _a(OCoLC)254848 | ||
| 040 |
_aDLC _cODaWU _dBD-RjUL _beng |
||
| 041 | _aeng | ||
| 082 | 0 | 0 |
_a658.15 _bGOM 1949 |
| 100 | 1 |
_aGoetz, Billy E. _q(Billy Early), _d1904- _947509 |
|
| 245 | 1 | 0 |
_aManagement planning and control : _ba managerial approach to industrial accounting / _cBilly E. Goetz. |
| 260 |
_aNew York : _bMcGraw-Hill Book Co., _cc1949. |
||
| 300 |
_ax, 294 p. : _billus. ; _c24 cm. |
||
| 490 | 0 | _aBusiness and economics publications | |
| 500 | _aIncludes index. | ||
| 504 | _aBibliography: p. 279-283. | ||
| 650 | 0 |
_aManagement _947510 _v Financial |
|
| 650 | 0 |
_aFinancial Planning _9230588 |
|
| 942 |
_2ddc _cBK |
||
| 999 |
_c15280 _d15280 |
||